000 00473nam a2200181Ia 4500
005 20250326125813.0
008 250326s9999 xx 000 0 und d
037 _aTextbook
040 _aFMSL
_beng
_cFMSL
041 _aeng
_2eng
084 _aX:8F N3
_qFMSL
100 _aMoore C L
245 0 _aManagerial accounting
_cMoore C L
260 _aCincinnali
_bCincinnali, S W P
_c1963
300 _a694p
942 _cTB
_hX:8F N3
999 _c1279648
_d1279648